header

The Boleyn inheritance / (Record no. 250707)

MARC details
000 -LEADER
fixed length control field 01627cam a2200397 a 4500
001 - CONTROL NUMBER
control field 14562628
003 - CONTROL NUMBER IDENTIFIER
control field OSt
005 - DATE AND TIME OF LATEST TRANSACTION
control field 20151015100512.0
008 - FIXED-LENGTH DATA ELEMENTS--GENERAL INFORMATION
fixed length control field 060921s2006 nyu b 000 1 eng
010 ## - LIBRARY OF CONGRESS CONTROL NUMBER
LC control number 2006050173
020 ## - INTERNATIONAL STANDARD BOOK NUMBER
International Standard Book Number 0743272501
International Standard Book Number 9780743272506
035 ## - SYSTEM CONTROL NUMBER
System control number (OCoLC)ocm71810153
040 ## - CATALOGING SOURCE
Original cataloging agency DLC
Transcribing agency DLC
Modifying agency IG#
-- BAKER
-- VP@
-- ZS3
-- YDXCP
-- DLC
043 ## - GEOGRAPHIC AREA CODE
Geographic area code e-uk---
050 00 - LIBRARY OF CONGRESS CALL NUMBER
Classification number PR6057.R386
Item number B65 2006
082 00 - DEWEY DECIMAL CLASSIFICATION NUMBER
Classification number 823/.914
Edition number 22
100 1# - MAIN ENTRY--PERSONAL NAME
Personal name Gregory, Philippa.
245 14 - TITLE STATEMENT
Title The Boleyn inheritance /
Statement of responsibility, etc Philippa Gregory.
260 ## - PUBLICATION, DISTRIBUTION, ETC. (IMPRINT)
Place of publication, distribution, etc New York :
Name of publisher, distributor, etc Simon & Schuster,
Date of publication, distribution, etc c2006.
300 ## - PHYSICAL DESCRIPTION
Extent 518 p. ;
Dimensions 25 cm.
500 ## - GENERAL NOTE
General note "A Touchstone book."
504 ## - BIBLIOGRAPHY, ETC. NOTE
Bibliography, etc Includes bibliographical references (p. 516-518).
600 00 - SUBJECT ADDED ENTRY--PERSONAL NAME
Personal name Anne,
Titles and other words associated with a name of Cleves, Queen, consort of Henry VIII, King of England,
Dates associated with a name 1515-1557
Form subdivision Fiction.
Personal name Catharine Howard,
Titles and other words associated with a name Queen, consort of Henry VIII, King of England,
Dates associated with a name -1542
Form subdivision Fiction.
Personal name Boleyn, Jane,
Titles and other words associated with a name Viscountess Rochford,
Dates associated with a name -1542
Form subdivision Fiction.
650 #0 - SUBJECT ADDED ENTRY--TOPICAL TERM
Topical term or geographic name as entry element Queens
Geographic subdivision Great Britain
Form subdivision Fiction.
651 #0 - SUBJECT ADDED ENTRY--GEOGRAPHIC NAME
Geographic name Great Britain
General subdivision History
Chronological subdivision Henry VIII, 1509-1547
Form subdivision Fiction.
655 #7 - INDEX TERM--GENRE/FORM
Genre/form data or focus term Historical fiction.
Source of term gsafd
856 42 - ELECTRONIC LOCATION AND ACCESS
Materials specified Publisher description
Uniform Resource Identifier <a href="http://www.loc.gov/catdir/enhancements/fy0708/2006050173-d.html">http://www.loc.gov/catdir/enhancements/fy0708/2006050173-d.html</a>
Materials specified Sample text
Uniform Resource Identifier <a href="http://www.loc.gov/catdir/enhancements/fy0708/2006050173-s.html">http://www.loc.gov/catdir/enhancements/fy0708/2006050173-s.html</a>
Materials specified Contributor biographical information
Uniform Resource Identifier <a href="http://www.loc.gov/catdir/enhancements/fy1013/2006050173-b.html">http://www.loc.gov/catdir/enhancements/fy1013/2006050173-b.html</a>
906 ## - LOCAL DATA ELEMENT F, LDF (RLIN)
a 7
b cbc
c orignew
d 1
e ocip
f 20
g y-gencatlg
942 ## - ADDED ENTRY ELEMENTS (KOHA)
Source of classification or shelving scheme Library of Congress Classification
Koha item type Long Loan Books
Holdings
Withdrawn status Lost status Source of classification or shelving scheme Damaged status Not for loan Collection code Home library Current library Shelving location Date acquired Total Checkouts Full call number Barcode Date last seen Date checked out Price effective from Koha item type
    Library of Congress Classification     Fiction Rongo University Library Rongo University Library General Stacks 15/10/2015 3 PR6057.R386 B65 2006 20153120 28/09/2018 21/09/2018 15/10/2015 Long Loan Books

© 2026 Rongo University
Contact us: librarian | system librarian | Rongo university